City Where Famous People Were Born - Statistics

General Stats
  • This quiz has been taken 23 times
  • The average score is 6 of 15
Answer Stats
Hint Answer % Correct
Bethlehem, Judea Jesus
91%
Ajaccio, Corsica Napoleon
87%
Genoa, Italy Christopher Columbus
83%
Braunau, Austria Adolf Hitler
70%
Scranton, Pennsylvania Joe Biden
65%
Shaoshan, Xiangtan Mao Zedong
61%
Tupelo, Mississippi Elvis Presley
57%
Funchal, Portugal Ronaldo
57%
Gori, Georgia Joseph Stalin
43%
McComb, Mississippi Britney Spears
17%
Stratford, Virginia Robert E Lee
9%
Latrobe, Pennsylvania Fred Rogers
4%
Omaha, Nebraska Gerald Ford
4%
Newark, Ohio John Clem
0%
Wichita, Kansas MrBeast
0%
No matching quizzes found
Score Distribution
Percent of People with Each Score
Percentile by Number Answered
Your Score History
You have not taken this quiz